00318nam a2200121Ia 4500008004100000020002200041041000800063082001100071100001800082245006100100260002700161300000800188230724s2011 xx und d a978 81 239 1506 7 aeng a624.15 aMURTHY V.N.S. aADVANCED FOUNDATION ENGINEERING GEOTECHNICAL ENGINEERING bC.B.S. PUBLISERSc2011 a795